Major Stock Exchanges - Statistics

General Stats
  • This quiz has been taken 60 times
  • The average score is 10 of 19
Answer Stats
MIC Market Cap (USD TN) City Country Answer % Correct
XNAS 26.62 New York City United States Nasdaq
84%
XSHG 7.4 Shanghai China Shanghai Stock Exchange
76%
XLON 3.24 London United Kingdom London Stock Exchange
70%
XNYS 28.33 New York City United States New York Stock Exchange
70%
XJPX 6.94 Tokyo Japan Japan Exchange Group
68%
XHKG 4.06 Hong Kong China Hong Kong Stock Exchange
64%
XKOS 1.87 Seoul/Busan South Korea Korea Exchange
62%
XTSE 3.35 Toronto Canada Toronto Stock Exchange
60%
XJSE 1.87 Johannesburg South Africa Johannesburg Stock Exchange
54%
XTAI 2.17 Taipei Taiwan Taiwan Stock Exchange
54%
XASX 1.88 Sydney Australia Australian Securities Exchange
52%
XSWX 1.95 Zurich Switzerland SIX Swiss Exchange
52%
XFRA 2.25 Frankfurt Germany German Stock Exchange
50%
XSAU 2.72 Riyadh Saudi Arabia Saudi Stock Exchange
48%
XBOM 5.67 Mumbai India Bombay Stock Exchange
36%
Many 7.22 Many Europe Euronext
32%
XNSE 5.66 Mumbai India National Stock Exchange
24%
XSHE 4.6 Shenzen China Shenzhen Stock Exchange
20%
Many 2.17 Many Europe Nasdaq Nordic and Baltic Exchanges
12%
No matching quizzes found
Score Distribution
Percent of People with Each Score
Percentile by Number Answered
Your Score History
You have not taken this quiz